Coming crisis of Western sociology (Record no. 367306)

000 -LEADER
fixed length control field 00353cam a22001337a 4500
008 - FIXED-LENGTH DATA ELEMENTS--GENERAL INFORMATION
fixed length control field 180718b1971 xxu||||| |||| 00| 0 eng d
082 ## - DEWEY DECIMAL CLASSIFICATION NUMBER
Classification number B1 G729
100 ## - MAIN ENTRY--PERSONAL NAME
Personal name Gouldner, Alvin W.
245 ## - TITLE STATEMENT
Title Coming crisis of Western sociology
Statement of responsibility, etc. by Alvin W. Gouldner
260 ## - PUBLICATION, DISTRIBUTION, ETC.
Place of publication, distribution, etc. Delhi
Name of publisher, distributor, etc. Heinemann
Date of publication, distribution, etc. 1971
300 ## - PHYSICAL DESCRIPTION
Extent 528p.
500 ## - GENERAL NOTE
General note Rs.45.00
650 ## - SUBJECT ADDED ENTRY--TOPICAL TERM
Topical term or geographic name entry element Sociology
Holdings
Withdrawn status Lost status Damaged status Not for loan Permanent Location Current Location Date acquired Full call number Barcode Date last seen Price effective from Koha item type
        Indian Institute of Public Administration Indian Institute of Public Administration 1994-05-12 B1 G729 45638 2018-07-21 2018-07-21 Book

Powered by Koha